Most Populated Cities in Yunnan Province by Picture - Statistics

General Stats
  • This quiz has been taken 9 times
  • The average score is 8 of 20
Answer Stats
Picture Answer % Correct
Dali
100%
Kunming
100%
Qujing
80%
Baoshan
60%
Lijiang
60%
Lincang
60%
Pu'er
60%
Wenshan
60%
Yuxi
60%
Chuxiong
40%
Zhaotong
40%
Jinghong
20%
Mile
20%
Anning
0%
Geiju
0%
Kaiyuan
0%
Mengzi
0%
Ruili
0%
Tengchong
0%
Xuanwei
0%
No matching quizzes found
Score Distribution
Percent of People with Each Score
Percentile by Number Answered
Your Score History
You have not taken this quiz